| 000 | 00832nas a2200277 4500 | ||
|---|---|---|---|
| 001 | BR0104533 | ||
| 003 | BR-BrBNA | ||
| 005 | 20231205102551.0 | ||
| 007 | ta | ||
| 008 | 230509b bl.|||p| |||| 00| 00por d | ||
| 040 |
_aBR-BrBNA _bpor _cBiblioteca Nacional de Agricultura |
||
| 041 | _a(Pt) | ||
| 072 | _aL40 | ||
| 100 | 1 | _aFeitosa, M.M. | |
| 100 | 1 | _aLarsson, M.H.M.A. | |
| 100 | 1 | _aUshikoshi, W.S. | |
| 100 | 1 | _aPerri, S.H.V. | |
| 245 | 1 | _aDeterminacao da velocidade de conducao nervosa sensitiva dos nervos radial e ulnar de caes clinicamente sadios | |
| 650 | _aCao | ||
| 650 | _aSistema Nervoso | ||
| 650 | _aDoenca | ||
| 650 | _aDiagnostico | ||
| 773 | 0 |
_tVeterinaria Noticias (Brazil) _xISSN 0104-3463 _g(2001), v. 7(1) p. 45-52 _wBR0104533 |
|
| 909 |
_a202311 _bLúcia _c55 _dLúcia Elande |
||
| 942 |
_2AGRIS _n0 _cANA |
||
| 999 |
_c168204 _d168204 |
||